000
00286nam a22001337a 4500
008
180110b xxu||||| |||| 00| 0 eng d
020
_a
9780757542671
041
_a
eng
080
_a
004
100
_a
28
101
_a
SHK
245
_a
Digital Design
_c
Collins,TH.R
942
_2
udc
_c
BK
999
_c
40050
_d
40050